000 00427nam a2200181Ia 4500
001 16349
005 20260306170303.0
008 260306t1999||||xx |||||||||||||| ||und||
041 _aESP
082 _a348.52
_bM22
100 _aManrique Moreno, Ciro, 1935-
_eAUT
245 0 _aDerecho aeronáutico internacional
260 _c1999
300 _a
_c20 cm.
650 _aGEN
654 _aCDE
942 _cLIB
_dJUS
_fJUS
_2ddc
_n
999 _c16349
_d16349